| 000 | 00793nam a2200229 a 4500 | ||
|---|---|---|---|
| 001 | 56310 | ||
| 003 | BD-RjUL | ||
| 005 | 20211209080359.0 | ||
| 008 | 161128s1968 bg ||||| |||| 00| 0 ben d | ||
| 020 | _c: TK 150 | ||
| 035 | _a(BD-RjUL)56434 | ||
| 040 |
_aBD-RjUL _bben _cBD-RjUL |
||
| 041 | _aben | ||
| 082 |
_223 _a891.442 _bWAA 1968 |
||
| 100 |
_aওয়াহেদ, আবদুল _9167558 |
||
| 245 | 1 | 0 |
_aআঁধারে-আলো : _bসামাজিক নাটক / _cআবদুল ওয়াহেদ |
| 260 |
_aঢাকা : _bটাউন লাইব্রেরী, _c১৯৬৮ [?] |
||
| 300 |
_a৯৬ পৃ. ; _c১৭ সেমি . |
||
| 650 |
_aবাংলা নাটক _9167559 |
||
| 650 |
_aBengali Drama _9167560 |
||
| 942 |
_2ddc _cBK |
||
| 999 |
_c56310 _d56310 |
||